| 000 | 00931cam a2200265 a 4500 | ||
|---|---|---|---|
| 001 | af 48001919 | ||
| 003 | DLC | ||
| 005 | 20260227110852.0 | ||
| 008 | 930126m19449999gw 000 0 ger c | ||
| 010 | _aaf 48001919 | ||
| 040 |
_aNew York. Public Libr. _cDLC _dDLC |
||
| 043 |
_ae------ _an-us--- |
||
| 050 | 0 | 0 |
_aHC240 _b.T712 |
| 082 | _a330.94 | ||
| 100 | 1 |
_aTrendelenburg, Ernst, _d1882- |
|
| 245 | 1 | 0 |
_aAmerika und Europa in der Weltwirtschaftspolitik des Zeitabschnitts der Wirtschaftskonferenzen / _cvon Ernst Trendelenburg. |
| 250 | _a2. Aufl. | ||
| 260 |
_aBerlin : _bCarl Heymanns Verlag, _c1944- |
||
| 300 |
_av. ; _c21 cm. |
||
| 500 | _a"1. T. Bis zum Dawes-Plan 1924". | ||
| 561 | _5DLC | ||
| 651 | 0 |
_aEurope _xEconomic conditions _y1918-1945. |
|
| 651 | 0 |
_aUnited States _xForeign economic relations _zEurope. |
|
| 651 | 0 |
_aEurope _xForeign economic relations _zUnited States. |
|
| 999 |
_c4777 _d4777 |
||